Solved Problems in geophysics (Record no. 57911)

MARC details
000 -LEADER
fixed length control field 00657nam a2200169 a 4500
008 - FIXED-LENGTH DATA ELEMENTS--GENERAL INFORMATION
fixed length control field 200709s2012 ||||||||||||||||| || u
020 ## - INTERNATIONAL STANDARD BOOK NUMBER
International Standard Book Number 9781107602717
050 ## - LIBRARY OF CONGRESS CALL NUMBER
Classification number QC 807.52 Buf
100 ## - MAIN ENTRY--PERSONAL NAME
Personal name Buforn, Elisa
245 10 - TITLE STATEMENT
Title Solved Problems in geophysics
Statement of responsibility, etc. By Elisa Buforn, Carmen pro and Agustin Udias
260 ## - PUBLICATION, DISTRIBUTION, ETC.
Place of publication, distribution, etc. Cambridge
Name of publisher, distributor, etc. Cambridge University Press
Date of publication, distribution, etc. 2012
300 ## - PHYSICAL DESCRIPTION
Extent ix, 354 pages : illustrations
650 ## - SUBJECT ADDED ENTRY--TOPICAL TERM
Topical term or geographic name entry element GEOPHYSICS
700 ## - ADDED ENTRY--PERSONAL NAME
Personal name Pro, Carmen
700 ## - ADDED ENTRY--PERSONAL NAME
Personal name Udias, Agustin
995 ## - RECOMMENDATION 995 [LOCAL, UNIMARC FRANCE]
-- 59.60
-- CBU-MAIN LIBRARY (Kitwe)
-- 1
-- AVAILABLE
-- Jul 16, 2020
-- Main Library Open Access Collection
Holdings
Withdrawn status Lost status Source of classification or shelving scheme Damaged status Not for loan Home library Current library Shelving location Date acquired Total Checkouts Full call number Barcode Date last seen Price effective from Koha item type
          CBU-MAIN LIBRARY, KITWE. CBU-MAIN LIBRARY, KITWE.   11/30/2022   QC 807.52 Buf 750340 11/30/2022 11/30/2022 MONOGRAPH